000 00366 a2200145 4500
001 158536
020 _a
040 _cMagnum
100 _aVincent, Mary
240 1 0 _aGrandes imperios e civilizacoes: espanha e portugual - v.2
_lpor
245 1 0 _aGrandes imperios e civilizacoes: espanha e portugual - v.2
362 0 _a1899
697 _aCOLECAO
942 _cBK
999 _c158536
_d158536